01722nam a22002297a 4500008004100000020001800041040000800059041001300067050002000080100002800100245009000128260004300218300005000261490002600311520089700337546004601234650006501280650004201345655002101387655003601408700004801444250327b |||||||| |||| 00| 0 eng d a9781444198447 cTBS aengapor aPC5444.T97 2016 aTyson-Ward, Sueeauthor aComplete Brazilian Portuguese c/ Sue Tyson-Ward, Ethel Pereira de Almeida Rowbotham. aLondon : bJohn Murray Learningc2016. axviii, 317 pages : billustrations ; c25 cm. aTeach yourself books. aComplete Brazilian Portuguese is a comprehensive book and audio language course that takes you from beginner to intermediate level. The new edition of this successful course has been fully revised and is packed with new learning features to give you the language, practice and skills to communicate with confidence. 18 learning units plus two review tests, pronunciation section and glossary; Discovery Method - figure out rules and patterns to make the language stick; Teaches the key skills - reading, writing, listening and speaking; Learn to learn - tips and skills on how to be a better language learner; Culture notes - learn about the people and places of Brazil; Outcomes-based learning - focus your studies with clear aims; Authentic listening activities - everyday conversations give you a flavor of real spoken Brazilian Portuguese; Test Yourself - see and track your own progress. aText in English and Brazilian-Portuguese. 0aPortuguese languagevTextbooks for foreign speakersxEnglish 0aPortuguese languagexSelf-instruction 0aSelf-instruction 0aTextbooksxfor English speakers aAlmeida Rowbotham, Ethel Pereira deeauthor